MARC

LEADER 00000nam0a2200000 4500
001 343640
005 20240914063127.0
035 |a (RuTPU)RU\TPU\book\374063 
090 |a 343640 
100 |a 20191011d1956 m y0rusy50 ca 
101 0 |a rus 
102 |a RU 
105 |a a z 001cb 
200 1 |a Пушкинский заповедник  |f А. Гордин 
210 |a Москва  |c Искусство  |d 1956 
215 |a 237 с.  |c ил. 
320 |a Приложения 
600 1 |a Пушкин  |b А. С.  |c российский поэт  |c писатель  |f 1799-1837  |g Александр Сергеевич  |7 ca  |8 rus  |2 stltpush  |3 (RuTPU)RU\TPU\pers\1026  |9 453 
606 1 |a Русская литература, дореволюционная  |x История и критика  |2 stltpush  |3 (RuTPU)RU\TPU\subj\26372  |9 50315 
610 1 |a очерки 
610 1 |a русские писатели 
610 1 |a заповедники 
675 |a 8Р1(092)  |v 4 
700 1 |a Гордин  |b А. 
801 1 |a RU  |b 63413507  |c 20191011 
801 2 |a RU  |b 63413507  |c 20201209  |g RCR 
942 |c BK